• 首页
  • 本馆介绍
  • 公告通知
  • 最新文献
  • 馆藏检索
  • 电子资源
  • 读者导购
  • 参考咨询
  • 我的图书馆
  • 登录
  • 详细信息显示
  • 放入我的书架
  • 预约/预借图书
  • 作者相关作品
  • 分类相关作品
  • 丛书相关作品
  • 出版社相关作品

书目信息

  • 表格格式
  • 工作单格式
  • 卡片格式
题名:
山川新曲
    
 
作者: 莫测 作
分册:  
出版信息: 上海   上海人民美术出版社  1980
页数: 16幅
开本: 25cm
丛书名:
单 册:
中图分类: J227
科图分类:
主题词: 版画--中国--现代--画册
电子资源:
ISBN:
000 00583nam0 2200229 45
001 0180007636
005 20060818161655.10
010    @b套装@dCNY1.45
091    @aCN@b8081.11733
100    @a19950605d1980 em y0chiy0121 ea
101 0  @achi
102    @aCN@b310000
105    @aa z 000yy
200 10 @a山川新曲@Ashan chuan xin qu@f莫测作
210    @a上海@c上海人民美术出版社@d1980
215    @a16幅@d25cm
606    @a版画@y中国@z现代@x画册
690    @aJ227@v3
701  0 @a莫测@Amo ce@4作
801  2 @aCN@bNLC@c20060818
801  0 @aCN@bTSSF
905    @a10447@dJ227@e167
    
    山川新曲/莫测作.-上海:上海人民美术出版社,1980
    16幅;25cm
    
    
    ISBN (套装):CNY1.45
    
●
相关链接 在E读中查询图书 在五车中查询图书 在当当中查询图书 在豆瓣中查询图书


正题名:山川新曲     索取号:J227/167         预约/预借

序号 登录号 条形码 馆藏地/架位号 状态 备注
1 0466605   204666058   密集书库/ [索取号:J227/167] 在馆    
2 0466606   204666067   密集书库/ [索取号:J227/167] 在馆    
3 0466607   204666076   密集书库/ [索取号:J227/167] 在馆    
欢迎您!
大连网信软件有限公司© 版权所有